[Event "II. CLANSKA LIGA ZAHOD 2016"]
[Site "Komenda"]
[Date "2016.11.26"]
[Round "6.1"]
[White "Mlacnik, Franc"]
[Black "Buha, Drago"]
[Result "0-1"]
[WhiteElo "2019"]
[BlackElo "1964"]
[PlyCount "86"]
[EventDate "2016.11.26"]
[WhiteTeam "KPSRD KAREL JERAJ LJUBLJANA"]
[BlackTeam "SD RADOVLJICA"]

1. d4 d5 2. Nf3 Bf5 3. g3 e6 4. Bg2 Bd6 5. O-O Ne7 6. c4 dxc4 7. Nc3 c6 8. e4
Bg4 9. Bg5 h6 10. Be3 Nd7 11. Qc2 O-O 12. a4 a5 13. Rad1 Nb6 14. Rfe1 Bb4 15.
h3 Bh5 16. g4 Bg6 17. Ne5 Bh7 18. Qe2 Bxc3 19. bxc3 Nxa4 20. Qxc4 Nb2 21. Qc5
Nxd1 22. Rxd1 a4 23. Nc4 Qc7 24. Rb1 Rfd8 25. Rf1 b5 26. Na3 Qd6 27. Qxd6 Rxd6
28. f4 Rc8 29. f5 exf5 30. gxf5 f6 31. Nc2 Kh8 32. Nb4 Bg8 33. e5 fxe5 34. dxe5
Rdd8 35. f6 gxf6 36. exf6 Nd5 37. Bxh6 Bf7 38. Bg7+ Kg8 39. Nxd5 Bxd5 40. Rf4
Bxg2 41. Kxg2 a3 42. Bh6 Kh7 43. Rf2 Rd3 0-1

[Event "II. CLANSKA LIGA ZAHOD 2016"]
[Site "Komenda"]
[Date "2016.11.26"]
[Round "6.2"]
[White "Jovan, Romuald"]
[Black "Mlacnik, Janez"]
[Result "1-0"]
[WhiteElo "1899"]
[BlackElo "1874"]
[PlyCount "66"]
[EventDate "2016.11.26"]
[WhiteTeam "SD RADOVLJICA"]
[BlackTeam "KPSRD KAREL JERAJ LJUBLJANA"]

1. d4 d5 2. c4 e5 3. dxe5 d4 4. Nf3 Nc6 5. g3 Bg4 6. Bg2 Qd7 7. Nbd2 O-O-O 8.
a3 d3 9. e3 Nge7 10. h3 Bh5 11. Qb3 Bxf3 12. Nxf3 Ng6 13. Bd2 Bc5 14. h4 Qe7
15. O-O-O Rhe8 16. h5 Ngxe5 17. Nxe5 Qxe5 18. Bc3 Qd6 19. Bxg7 d2+ 20. Kb1 Na5
21. Qc3 Qa6 22. Rh4 Be7 23. Re4 b5 24. cxb5 Qxb5 25. Re5 Qa4 26. Bf3 Nc4 27.
Re4 Nxa3+ 28. bxa3 Qb5+ 29. Ka2 Rd3 30. Bg4+ Kb8 31. Rb1 Qxb1+ 32. Kxb1 Rxc3
33. Bf3 f5 {nejasno (51)} 1-0

[Event "II. CLANSKA LIGA ZAHOD 2016"]
[Site "Komenda"]
[Date "2016.11.26"]
[Round "6.3"]
[White "Vertacnik, Viktor"]
[Black "Kocevar, Tugomir"]
[Result "1/2-1/2"]
[WhiteElo "1570"]
[BlackElo "1942"]
[PlyCount "93"]
[EventDate "2016.11.26"]
[WhiteTeam "KPSRD KAREL JERAJ LJUBLJANA"]
[BlackTeam "SD RADOVLJICA"]

1. e4 d5 2. exd5 Nf6 3. d4 Nxd5 4. c4 Nb6 5. Nc3 g6 6. Be3 Bg7 7. h3 O-O 8. Nf3
Nc6 9. Be2 e5 10. dxe5 Nxe5 11. Nxe5 Bxe5 12. Qb3 c6 13. Rd1 Qc7 14. O-O Be6
15. Bd4 Rad8 16. Be3 Rxd1 17. Rxd1 Rd8 18. Rxd8+ Qxd8 19. Bxb6 axb6 20. Qd1 Qg5
21. Kf1 Qh4 22. Qd3 Qf4 23. b3 Bd4 24. Ne4 c5 25. Qf3 Qc1+ 26. Bd1 Bf5 27. Nd6
Be6 28. Qe2 Qf4 29. Ne4 h5 30. Qf3 Qc1 31. Qe2 Kg7 32. Qd2 Qxd2 33. Nxd2 f5 34.
Bf3 Bc8 35. Bd5 Kf6 36. Ke2 h4 37. Nf3 g5 38. Nxd4 cxd4 39. Kd3 Ke5 40. g3 b5
41. Bg2 bxc4+ 42. Kxc4 Be6+ 43. Kd3 b6 44. Bf3 g4 45. Bg2 Bd5 46. Bf1 Be4+ 47.
Kd2 1/2-1/2

[Event "II. CLANSKA LIGA ZAHOD 2016"]
[Site "Komenda"]
[Date "2016.11.26"]
[Round "6.4"]
[White "Prestrl, Jozef"]
[Black "Cizman, Gregor"]
[Result "1/2-1/2"]
[WhiteElo "1915"]
[BlackElo "1611"]
[PlyCount "75"]
[EventDate "2016.11.26"]
[WhiteTeam "SD RADOVLJICA"]
[BlackTeam "KPSRD KAREL JERAJ LJUBLJANA"]

1. d4 d5 2. Nf3 Nf6 3. h3 h6 4. Bf4 e6 5. e3 a6 6. Nbd2 Bd6 7. Bxd6 Qxd6 8. Bd3
Nbd7 9. O-O O-O 10. c4 c6 11. Rc1 Re8 12. Bb1 b5 13. c5 Qc7 14. b4 e5 15. dxe5
Nxe5 16. Nxe5 Rxe5 17. Nf3 Re7 18. Qd4 Ne4 19. Bxe4 Rxe4 20. Qd2 Bd7 21. a3 a5
22. Nd4 a4 23. f3 Re5 24. Qf2 Rae8 25. Rfe1 Qd8 26. Re2 Qf6 27. Rce1 Kf8 28. e4
dxe4 29. Rxe4 Rxe4 30. Rxe4 Rxe4 31. fxe4 Qxf2+ 32. Kxf2 f6 33. h4 g6 34. Kf3
Kf7 35. g4 g5 36. h5 Ke7 37. Nf5+ Bxf5 38. exf5 1/2-1/2

[Event "II. CLANSKA LIGA ZAHOD 2016"]
[Site "Komenda"]
[Date "2016.11.26"]
[Round "6.5"]
[White "Ulaga, Karel"]
[Black "Krivec, Metod"]
[Result "1/2-1/2"]
[WhiteElo "1732"]
[BlackElo "1778"]
[PlyCount "80"]
[EventDate "2016.11.26"]
[WhiteTeam "KPSRD KAREL JERAJ LJUBLJANA"]
[BlackTeam "SD RADOVLJICA"]

1. e4 e6 2. d4 d5 3. exd5 exd5 4. Nf3 Nf6 5. Bd3 Bd6 6. O-O O-O 7. h3 h6 8. Nc3
Be6 9. Nb5 Be7 10. Bf4 Na6 11. a3 c6 12. Nc3 Nb8 13. Re1 a6 14. Ne2 Ne4 15. Ng3
f5 16. Nd2 Bd6 17. Bxd6 Qxd6 18. Ngf1 Nd7 19. f3 Ng5 20. c3 f4 21. Qc2 Nf6 22.
Nh2 h5 23. Re2 Rae8 24. Rae1 Bd7 25. Rxe8 Rxe8 26. Rxe8+ Nxe8 27. Bf5 Nf6 28.
Bxd7 Qxd7 29. Ndf1 Kf7 30. Qe2 Qe6 31. Qxe6+ Kxe6 32. Nd2 Nf7 33. Nb3 Nd6 34.
Nd2 Kf5 35. Kf2 Nd7 36. Nhf1 Nf6 37. Ke2 Nd7 38. Kf2 Nf6 39. Ke2 Nd7 40. Kf2
Nf6 1/2-1/2

[Event "II. CLANSKA LIGA ZAHOD 2016"]
[Site "Komenda"]
[Date "2016.11.26"]
[Round "6.6"]
[White "Pretnar, Bostjan"]
[Black "Kanc, Ignacij"]
[Result "1/2-1/2"]
[WhiteElo "1730"]
[BlackElo "1640"]
[PlyCount "33"]
[EventDate "2016.11.26"]
[WhiteTeam "SD RADOVLJICA"]
[BlackTeam "KPSRD KAREL JERAJ LJUBLJANA"]

1. d4 d5 2. Bg5 h6 3. Bf4 Nf6 4. e3 e6 5. Nf3 Nc6 6. c4 Bb4+ 7. Nc3 O-O 8. Nd2
Bd6 9. Qf3 Bxf4 10. Qxf4 Re8 11. cxd5 exd5 12. Be2 Be6 13. O-O a6 14. Rac1 Re7
15. Na4 Nd7 16. Nc5 Nxc5 17. Rxc5 {nejasno (40)} 1/2-1/2

[Event "II. CLANSKA LIGA ZAHOD 2016"]
[Site "Komenda"]
[Date "2016.11.26"]
[Round "6.1"]
[White "Kodric, Vladimir"]
[Black "Kersic, Matej"]
[Result "0-1"]
[WhiteElo "1945"]
[BlackElo "2152"]
[PlyCount "66"]
[EventDate "2016.11.26"]
[WhiteTeam "SK LOSKA DOLINA"]
[BlackTeam "SK STARI MAYR KRANJ"]

1. d4 d5 2. c3 e6 3. Nf3 c5 4. Bf4 cxd4 5. Nxd4 Nc6 6. e3 Nf6 7. Nd2 Be7 8. h3
O-O 9. N2f3 Bd6 10. Bxd6 Qxd6 11. Be2 e5 12. Nb5 Qe7 13. O-O a6 14. Na3 Rd8 15.
Re1 h6 16. Qc2 b5 17. Nb1 Bb7 18. Nbd2 Rac8 19. Rac1 Na5 20. Qf5 Re8 21. Qb1
Nc4 22. b3 Nxd2 23. Nxd2 Rc7 24. c4 dxc4 25. bxc4 b4 26. Bf3 Bxf3 27. Nxf3 Rec8
28. Qb2 e4 29. Nd2 a5 30. Ra1 Nd7 31. a3 Nc5 32. Reb1 Na4 33. Rc1 Nxb2 0-1

[Event "II. CLANSKA LIGA ZAHOD 2016"]
[Site "Komenda"]
[Date "2016.11.26"]
[Round "6.2"]
[White "Podvrsnik, Marko"]
[Black "Drobnic, Milan"]
[Result "1-0"]
[WhiteElo "2186"]
[BlackElo "1892"]
[PlyCount "101"]
[EventDate "2016.11.26"]
[WhiteTeam "SK STARI MAYR KRANJ"]
[BlackTeam "SK LOSKA DOLINA"]

1. d4 Nf6 2. Nf3 e6 3. c4 b6 4. g3 Bb7 5. Bg2 Be7 6. O-O O-O 7. Nc3 d6 8. Qc2
Nbd7 9. e4 e5 10. h3 Re8 11. d5 c6 12. dxc6 Bxc6 13. Rd1 Rc8 14. Qe2 a6 15. b3
Qc7 16. Nh4 Nc5 17. Nf5 Bf8 18. Bg5 Ncd7 19. Rac1 h6 20. Be3 Nc5 21. f3 Red8
22. g4 Nh7 23. Qf2 Qb7 24. Nd5 b5 25. Qh4 Bxd5 26. cxd5 a5 27. Kh1 Na6 28. Qe1
b4 29. Qg1 Nc5 30. h4 a4 31. Nxd6 Bxd6 32. Bxc5 Bxc5 33. Rxc5 Rxc5 34. Qxc5 Rc8
35. Qd6 axb3 36. axb3 Qb5 37. Bf1 Qb8 38. Qxb8 Rxb8 39. Ra1 Nf8 40. h5 Nd7 41.
Ra7 Nc5 42. Bc4 Rb7 43. Ra8+ Kh7 44. Re8 Nd7 45. Re7 f6 46. d6 Ra7 47. Re8 g5
48. Kg2 Ra2+ 49. Kg3 Nc5 50. Re7+ Kh8 51. Rc7 1-0

[Event "II. CLANSKA LIGA ZAHOD 2016"]
[Site "Komenda"]
[Date "2016.11.26"]
[Round "6.3"]
[White "Stanic, Vitko"]
[Black "Djuric, Petar"]
[Result "0-1"]
[WhiteElo "1764"]
[BlackElo "2112"]
[PlyCount "74"]
[EventDate "2016.11.26"]
[WhiteTeam "SK LOSKA DOLINA"]
[BlackTeam "SK STARI MAYR KRANJ"]

1. d4 Nf6 2. Nf3 c5 3. e3 g6 4. Be2 Bg7 5. O-O Qc7 6. Nbd2 O-O 7. Re1 d6 8. h3
b6 9. c3 Bb7 10. Nh2 e5 11. Bf3 e4 12. Be2 Nc6 13. Nhf1 Rad8 14. Ng3 Rfe8 15.
Bb5 a6 16. Bxc6 Qxc6 17. b3 Nd5 18. Bb2 f5 19. c4 Nb4 20. d5 Qc7 21. Bxg7 Qxg7
22. Rf1 Nd3 23. Qc2 Bc8 24. a3 Ne5 25. Ra2 h5 26. Qd1 h4 27. Ne2 g5 28. Kh2 Re7
29. Rg1 Qh6 30. g3 hxg3+ 31. Rxg3 Rg7 32. Qf1 Rf8 33. Qg2 Rff7 34. Ra1 f4 35.
exf4 gxf4 36. Nxf4 Qxf4 37. Nxe4 Nf3+ 0-1

[Event "II. CLANSKA LIGA ZAHOD 2016"]
[Site "Komenda"]
[Date "2016.11.26"]
[Round "6.4"]
[White "Urh, Zala"]
[Black "Bavec, Vinko"]
[Result "1-0"]
[WhiteElo "2036"]
[BlackElo "1567"]
[PlyCount "87"]
[EventDate "2016.11.26"]
[WhiteTeam "SK STARI MAYR KRANJ"]
[BlackTeam "SK LOSKA DOLINA"]

1. d4 d5 2. c4 Nf6 3. Nc3 c6 4. Nf3 g6 5. e3 Bg7 6. Bd3 O-O 7. O-O dxc4 8. Bxc4
e6 9. Qc2 Nbd7 10. a3 Nb6 11. Bd3 Nfd5 12. b4 Nxc3 13. Qxc3 Nd5 14. Qb3 Bd7 15.
Bd2 a6 16. Rfc1 Re8 17. Rc2 Ne7 18. Rac1 Nf5 19. Ne5 Bxe5 20. dxe5 Qb6 21. Rc5
Qd8 22. e4 Ng7 23. Be2 Qe7 24. Qg3 f5 25. Bg5 Qf7 26. Bf6 fxe4 27. Qe3 Nf5 28.
Qxe4 Ne7 29. g4 Rad8 30. h4 Bc8 31. h5 Rd5 32. R5c3 Red8 33. hxg6 Qxg6 34.
Qxg6+ hxg6 35. Bxe7 R8d7 36. Bd6 Rf7 37. Rd3 g5 38. Rxd5 exd5 39. Kg2 Kg7 40.
Kg3 Rf4 41. Bf3 Rd4 42. Rd1 Rf4 43. e6 Rf6 44. Be5 1-0

[Event "II. CLANSKA LIGA ZAHOD 2016"]
[Site "Komenda"]
[Date "2016.11.26"]
[Round "6.5"]
[White "Loknar, Damjan"]
[Black "Bulatovic, Milorad"]
[Result "0-1"]
[WhiteElo "1767"]
[BlackElo "1864"]
[PlyCount "124"]
[EventDate "2016.11.26"]
[WhiteTeam "SK LOSKA DOLINA"]
[BlackTeam "SK STARI MAYR KRANJ"]

1. d4 c5 2. e3 e6 3. Nf3 Nf6 4. Nc3 d5 5. dxc5 Bxc5 6. Bb5+ Nc6 7. O-O O-O 8.
Bxc6 bxc6 9. a3 Qc7 10. Re1 Rd8 11. b4 Be7 12. Bb2 a5 13. bxa5 Rxa5 14. Nd2 e5
15. e4 d4 16. Ne2 c5 17. c4 Bb7 18. Ng3 g6 19. h4 h5 20. Nf3 Bc8 21. Qd2 Ng4
22. Bc1 Be6 23. Qd3 Ra4 24. Nd2 Bxh4 25. Rb1 Bg5 26. Nf3 Be7 27. Nd2 Rda8 28.
Qb3 Bg5 29. Ngf1 Qd8 30. Qb6 Qxb6 31. Rxb6 Bxd2 32. Nxd2 Bxc4 33. Rc6 R8a5 34.
f3 Ne3 35. Kf2 Be6 36. g3 Nc2 37. Rh1 c4 38. g4 hxg4 39. fxg4 c3 40. Nf3 Ne3
41. Ne1 Nxg4+ 42. Ke2 Ra6 43. Rc7 Ra7 44. Rc5 R4a5 45. Rc6 Bd7 46. Rd6 Kg7 47.
Kf3 Ne3 48. Ng2 R5a6 49. Rxa6 Rxa6 50. Nxe3 dxe3 51. Kxe3 Ra4 52. Kd3 Bb5+ 53.
Kxc3 Rxe4 54. Bd2 Rc4+ 55. Kb3 Rg4 56. Kc2 f5 57. Rb1 Ba4+ 58. Kc3 Be8 59. Rb7+
Bf7 60. Rb5 Re4 61. Bg5 f4 62. Bf6+ Kxf6 0-1

[Event "II. CLANSKA LIGA ZAHOD 2016"]
[Site "Komenda"]
[Date "2016.11.26"]
[Round "6.6"]
[White "Urh, Robert"]
[Black "Bavec, Uros"]
[Result "1-0"]
[WhiteElo "1672"]
[BlackElo "1695"]
[PlyCount "49"]
[EventDate "2016.11.26"]
[WhiteTeam "SK STARI MAYR KRANJ"]
[BlackTeam "SK LOSKA DOLINA"]

1. e4 e5 2. Nf3 Nc6 3. Bc4 d6 4. Nc3 Bg4 5. O-O Nd4 6. Nxe5 dxe5 7. Qxg4 Nf6 8.
Qd1 c6 9. a3 Bd6 10. d3 b5 11. Ba2 O-O 12. Bg5 h6 13. Bh4 g6 14. Ne2 Kg7 15.
Nxd4 exd4 16. f4 Bxf4 17. Rxf4 g5 18. Rxf6 Qxf6 19. Bg3 Qe7 20. Qf3 c5 21. Qf5
f6 22. Rf1 h5 23. e5 h4 24. exf6+ Qxf6 25. Be5 1-0

[Event "II. CLANSKA LIGA ZAHOD 2016"]
[Site "Komenda"]
[Date "2016.11.26"]
[Round "7.1"]
[White "Kersic, Matej"]
[Black "Bajec, Borut"]
[Result "1-0"]
[WhiteElo "2152"]
[BlackElo "1794"]
[PlyCount "89"]
[EventDate "2016.11.26"]
[WhiteTeam "SK STARI MAYR KRANJ"]
[BlackTeam "SK TRZIN"]

1. e4 c5 2. Nf3 Nc6 3. d4 cxd4 4. Nxd4 d6 5. c4 Nf6 6. Nc3 e6 7. Be2 Be7 8. O-O
O-O 9. Be3 a6 10. f3 Bd7 11. Rc1 Rc8 12. Qd2 Nh5 13. f4 Nf6 14. b3 h6 15. Bf3
Qc7 16. Nde2 Nh7 17. Rfd1 Be8 18. Na4 f5 19. exf5 Rxf5 20. Nb6 Rd8 21. Nd5 exd5
22. cxd5 Qb8 23. dxc6 bxc6 24. Nd4 Rc5 25. Nxc6 Bxc6 26. Bxc6 Rxc1 27. Qxc1 Nf6
28. Qc4+ Kh8 29. Qxa6 Qb4 30. Qb7 d5 31. Qxb4 Bxb4 32. Bb7 d4 33. Rxd4 Rxd4 34.
Bxd4 Kg8 35. Kf2 Kf7 36. Kf3 Nd7 37. Bd5+ Kf8 38. f5 Bd6 39. a4 Ne5+ 40. Ke4
Ng4 41. a5 Nf6+ 42. Bxf6 gxf6 43. a6 Bc5 44. Bc6 Ke7 45. Kd5 1-0

[Event "II. CLANSKA LIGA ZAHOD 2016"]
[Site "Komenda"]
[Date "2016.11.26"]
[Round "7.2"]
[White "Borstnik, Ales"]
[Black "Podvrsnik, Marko"]
[Result "0-1"]
[WhiteElo "1747"]
[BlackElo "2186"]
[PlyCount "58"]
[EventDate "2016.11.26"]
[WhiteTeam "SK TRZIN"]
[BlackTeam "SK STARI MAYR KRANJ"]

1. e4 c5 2. Nf3 d6 3. d4 cxd4 4. Nxd4 Nf6 5. Nc3 Nc6 6. Bg5 e6 7. Qd2 Be7 8.
Bb5 Bd7 9. O-O-O h6 10. Bh4 Qc7 11. f4 Rd8 12. Bg3 O-O 13. Qf2 a6 14. Be2 b5
15. e5 Nxd4 16. Rxd4 dxe5 17. fxe5 Ne8 18. Ne4 Bc6 19. Rxd8 Qxd8 20. Bf3 Bd5
21. Rd1 Qa5 22. a3 b4 23. axb4 Qa1+ 24. Kd2 Qxb2 25. Nc3 Bxb4 26. Qd4 Nc7 27.
Kd3 Bxf3 28. gxf3 Bxc3 29. Qxc3 Rd8+ 0-1

[Event "II. CLANSKA LIGA ZAHOD 2016"]
[Site "Komenda"]
[Date "2016.11.26"]
[Round "7.3"]
[White "Djuric, Petar"]
[Black "Troha, Bogomir"]
[Result "1-0"]
[WhiteElo "2112"]
[BlackElo "1744"]
[PlyCount "107"]
[EventDate "2016.11.26"]
[WhiteTeam "SK STARI MAYR KRANJ"]
[BlackTeam "SK TRZIN"]

1. c4 Nf6 2. g3 g6 3. Bg2 Bg7 4. Nc3 O-O 5. Nf3 c6 6. O-O e6 7. d4 d5 8. Qc2
Re8 9. Rd1 Nbd7 10. b3 Nb6 11. c5 Nbd7 12. Bf4 b6 13. b4 Ba6 14. Ne5 Nxe5 15.
Bxe5 Bc4 16. a4 a6 17. cxb6 Qxb6 18. Rab1 Rac8 19. e3 Qd8 20. Bxf6 Qxf6 21. Ne4
Qf5 22. Rd2 Red8 23. Nc5 Qxc2 24. Rxc2 Rb8 25. Bf1 Bxf1 26. Kxf1 a5 27. Nd3 Bf8
28. Rxc6 axb4 29. Nc5 Bxc5 30. Rxc5 b3 31. Rb5 Ra8 32. a5 Ra6 33. R1xb3 Rd7 34.
Rc5 Rda7 35. Rbb5 Kg7 36. Ke2 h5 37. h4 Kf6 38. Kd3 Ke7 39. Kc3 Kf6 40. f3 Ra8
41. Kb4 R6a7 42. Rc6 Kg7 43. Rbc5 Kf6 44. Rxd5 Ke7 45. Rb5 Kf8 46. Rcb6 Kg7 47.
Rb7 Ra6 48. Rc5 R6a7 49. Rxa7 Rxa7 50. Rc6 Rb7+ 51. Rb6 Rc7 52. a6 Rc1 53. Kb5
f6 54. a7 1-0

[Event "II. CLANSKA LIGA ZAHOD 2016"]
[Site "Komenda"]
[Date "2016.11.26"]
[Round "7.4"]
[White "Banfi, Gregor"]
[Black "Urh, Zala"]
[Result "0-1"]
[WhiteElo "1609"]
[BlackElo "2036"]
[PlyCount "114"]
[EventDate "2016.11.26"]
[WhiteTeam "SK TRZIN"]
[BlackTeam "SK STARI MAYR KRANJ"]

1. e4 e5 2. f4 Nf6 3. fxe5 Nxe4 4. Nf3 d5 5. d3 Nc5 6. d4 Ne6 7. c4 Be7 8. Nc3
c6 9. Bd3 O-O 10. O-O dxc4 11. Bxc4 Nd7 12. Kh1 Nb6 13. Bb3 Nd5 14. Nxd5 cxd5
15. Qd3 a6 16. Bc2 g6 17. Bh6 Ng7 18. Rac1 Bf5 19. Qb3 Bxc2 20. Rxc2 b5 21.
Rfc1 Ra7 22. Rc6 Qd7 23. h3 Rd8 24. Be3 Ne6 25. Qc2 Kg7 26. Kh2 Rb8 27. Bd2 a5
28. Qd3 b4 29. Qe3 a4 30. Qh6+ Kg8 31. Ng5 Bxg5 32. Bxg5 Nxd4 33. Rd6 Nf5 34.
Rxd7 Rxd7 35. e6 fxe6 36. Bf4 Nxh6 37. Bxb8 Nf5 38. g4 Ng7 39. Be5 d4 40. Kg2
Rd5 41. Bf4 g5 42. Bd2 b3 43. axb3 axb3 44. Rc8+ Kf7 45. Rc7+ Kg6 46. Rb7 e5
47. Kf3 Ne8 48. Rb6+ Nf6 49. h4 e4+ 50. Ke2 h6 51. h5+ Kf7 52. Bb4 Nxg4 53.
Rb7+ Kf6 54. Be7+ Ke6 55. Bf8 d3+ 56. Kf1 d2 57. Re7+ Kf5 0-1

[Event "II. CLANSKA LIGA ZAHOD 2016"]
[Site "Komenda"]
[Date "2016.11.26"]
[Round "7.5"]
[White "Bulatovic, Milorad"]
[Black "Markic, Vladimir"]
[Result "1-0"]
[WhiteElo "1864"]
[BlackElo "1716"]
[PlyCount "75"]
[EventDate "2016.11.26"]
[WhiteTeam "SK STARI MAYR KRANJ"]
[BlackTeam "SK TRZIN"]

1. d4 d5 2. Nf3 Nf6 3. a4 Bf5 4. Bf4 e6 5. Nbd2 Bd6 6. Bg5 Nbd7 7. e3 O-O 8.
Be2 Be7 9. c4 c5 10. O-O dxc4 11. Nxc4 Ne4 12. Bf4 Nb6 13. Qb3 Nxc4 14. Bxc4 b6
15. Rfd1 Qc8 16. Rac1 Nf6 17. h3 Be4 18. Nd2 Bd5 19. Qd3 Bxc4 20. Rxc4 Qa6 21.
Qb3 cxd4 22. Rxd4 Rfd8 23. Nf3 Rxd4 24. Nxd4 h6 25. Nb5 Qb7 26. Rc1 Bc5 27. Qc4
a5 28. Be5 Qe7 29. Kf1 Nd5 30. Qg4 f6 31. Bd4 Bxd4 32. Nxd4 e5 33. Nf5 Qb7 34.
Nxh6+ Kh7 35. Nf5 Kg8 36. Qf3 Rd8 37. Rd1 Rd7 38. Rxd5 1-0

[Event "II. CLANSKA LIGA ZAHOD 2016"]
[Site "Komenda"]
[Date "2016.11.26"]
[Round "7.6"]
[White "Konvalinka, Kostja"]
[Black "Urh, Robert"]
[Result "1-0"]
[WhiteElo "1694"]
[BlackElo "1672"]
[PlyCount "77"]
[EventDate "2016.11.26"]
[WhiteTeam "SK TRZIN"]
[BlackTeam "SK STARI MAYR KRANJ"]

1. e4 e5 2. Nf3 Nc6 3. Bc4 Bc5 4. c3 Nf6 5. d4 exd4 6. cxd4 Bb4+ 7. Nc3 Bxc3+
8. bxc3 Nxe4 9. Ba3 d6 10. O-O O-O 11. Re1 Re8 12. Qc2 Nf6 13. Ng5 Rf8 14. Re3
h6 15. Nxf7 Rxf7 16. Bxf7+ Kxf7 17. Rg3 Ne7 18. Re1 b6 19. Qb3+ Kf8 20. Rge3
Ned5 21. Re5 Bb7 22. f3 Qd7 23. c4 Nf4 24. Re7 Qd8 25. d5 Ng6 26. R7e6 Ne5 27.
R6xe5 Kg8 28. Re7 Nd7 29. Re8+ Qxe8 30. Rxe8+ Rxe8 31. Kf2 Re7 32. Bb2 Nc5 33.
Qd1 Ba6 34. Qd4 Nd7 35. Qh4 Kf7 36. Bxg7 Ne5 37. Bxe5 Rxe5 38. Qxh6 Bxc4 39.
Qf4+ 1-0

[Event "II. CLANSKA LIGA ZAHOD 2016"]
[Site "Komenda"]
[Date "2016.11.26"]
[Round "7.1"]
[White "Anakiev, Dimitar"]
[Black "Kodric, Vladimir"]
[Result "1-0"]
[WhiteElo "2018"]
[BlackElo "1945"]
[PlyCount "106"]
[EventDate "2016.11.26"]
[WhiteTeam "SD RADOVLJICA"]
[BlackTeam "SK LOSKA DOLINA"]

1. Nf3 d5 2. g3 c6 3. Bg2 Bf5 4. b3 h6 5. Bb2 e6 6. O-O Nd7 7. c4 Ngf6 8. d3
Be7 9. Nbd2 O-O 10. a3 Nc5 11. b4 Ncd7 12. Qb3 a5 13. Rfc1 Re8 14. Bc3 axb4 15.
axb4 dxc4 16. Nxc4 Nd5 17. Bd2 Bg6 18. Na5 Qb6 19. Rc4 Bf6 20. Rb1 Ne5 21. Nxe5
Bxe5 22. Rc2 Bf6 23. e4 Nc7 24. Be3 Qa6 25. d4 Nb5 26. Rd2 Be7 27. Nc4 Nd6 28.
Nxd6 Bxd6 29. f3 b5 30. Rc2 Rec8 31. Bf1 Qa4 32. Bd2 e5 33. Bc3 exd4 34. Bxd4
Qxb3 35. Rxb3 f6 36. Bh3 Rc7 37. Bb6 Bf7 38. Rb1 Be8 39. Bxc7 Bxc7 40. Be6+ Kf8
41. Ra2 Rd8 42. Kf1 Rd6 43. Bf5 g6 44. e5 fxe5 45. Be4 Bd8 46. Ke2 Bf7 47. Rd2
Rxd2+ 48. Kxd2 Be8 49. Ra1 Be7 50. Kc3 c5 51. Ra8 cxb4+ 52. Kb3 Bf6 53. Bxg6 e4
{nejasno (57)} 1-0

[Event "II. CLANSKA LIGA ZAHOD 2016"]
[Site "Komenda"]
[Date "2016.11.26"]
[Round "7.2"]
[White "Drobnic, Milan"]
[Black "Buha, Drago"]
[Result "1-0"]
[WhiteElo "1892"]
[BlackElo "1964"]
[PlyCount "75"]
[EventDate "2016.11.26"]
[WhiteTeam "SK LOSKA DOLINA"]
[BlackTeam "SD RADOVLJICA"]

1. c4 e5 2. g3 Bc5 3. Bg2 Nf6 4. Nc3 O-O 5. a3 a5 6. e3 d6 7. Nge2 c6 8. O-O
Bg4 9. Rb1 d5 10. cxd5 cxd5 11. d4 exd4 12. exd4 Be7 13. Qb3 Bxe2 14. Nxe2 Qd7
15. Bg5 a4 16. Qd3 Nc6 17. Nc3 Qg4 18. Bf4 Rfd8 19. Rbd1 Bd6 20. h3 Qd7 21. Bg5
Be7 22. Bxf6 Bxf6 23. Nxd5 Bxd4 24. Nb6 Qe6 25. Nxa8 Bxf2+ 26. Rxf2 Rxd3 27.
Rxd3 Qc4 28. Rd7 h6 29. Bxc6 Qxc6 30. Rdxf7 Qc1+ 31. Kh2 b5 32. Nc7 Qc6 33. Re7
Qc5 34. Rxg7+ Kh8 35. Rgf7 Qc4 36. Re7 Kg8 37. Ne6 Qc8 38. Rf8+ 1-0

[Event "II. CLANSKA LIGA ZAHOD 2016"]
[Site "Komenda"]
[Date "2016.11.26"]
[Round "7.3"]
[White "Kocevar, Tugomir"]
[Black "Stanic, Vitko"]
[Result "1-0"]
[WhiteElo "1942"]
[BlackElo "1764"]
[PlyCount "93"]
[EventDate "2016.11.26"]
[WhiteTeam "SD RADOVLJICA"]
[BlackTeam "SK LOSKA DOLINA"]

1. b4 d5 2. Bb2 Nf6 3. e3 e6 4. b5 Be7 5. f4 Nbd7 6. Nf3 O-O 7. c4 c6 8. a4 Bb4
9. Qb3 Qa5 10. Bc3 Bxc3 11. Qxc3 Qxc3 12. Nxc3 dxc4 13. Bxc4 Nb6 14. Bb3 Nbd5
15. Ke2 Nxc3+ 16. dxc3 cxb5 17. axb5 b6 18. Ra4 a5 19. Rd1 Bb7 20. Rdd4 Rac8
21. Rac4 Rxc4 22. Bxc4 h6 23. h3 Rc8 24. Bd3 g6 25. c4 a4 26. g4 a3 27. Nd2 a2
28. Nb3 Ra8 29. Na1 g5 30. Rd6 Be4 31. Rxb6 Ra3 32. Bxe4 Nxe4 33. Ra6 Nc3+ 34.
Kf3 Nxb5 35. cxb5 Rc3 36. Rxa2 gxf4 37. Kxf4 Rc4+ 38. e4 Rb4 39. Ra5 Kg7 40.
Nc2 Rb2 41. Nd4 Kf6 42. e5+ Kg7 43. Ra3 Rb4 44. Ke3 Rb1 45. Rb3 Re1+ 46. Kf4
Rf1+ 47. Nf3 1-0

[Event "II. CLANSKA LIGA ZAHOD 2016"]
[Site "Komenda"]
[Date "2016.11.26"]
[Round "7.4"]
[White "Bavec, Vinko"]
[Black "Prestrl, Jozef"]
[Result "1/2-1/2"]
[WhiteElo "1567"]
[BlackElo "1915"]
[PlyCount "80"]
[EventDate "2016.11.26"]
[WhiteTeam "SK LOSKA DOLINA"]
[BlackTeam "SD RADOVLJICA"]

1. d4 d5 2. Nf3 Nf6 3. g3 c6 4. Bg2 Qb6 5. c3 g6 6. O-O Bg7 7. Nbd2 O-O 8. Qb3
Nbd7 9. Qc2 Re8 10. e3 e5 11. dxe5 Nxe5 12. Nxe5 Rxe5 13. Qb3 Bf5 14. Qxb6 axb6
15. Nf3 Ree8 16. Nd4 Bd3 17. Rd1 Bc4 18. a3 c5 19. Nf3 Bb3 20. Re1 b5 21. Nd2
Bc2 22. Nf3 Rad8 23. Bd2 Ne4 24. Rec1 Bb3 25. Be1 Rd6 26. Nd2 Nxd2 27. Bxd2 b6
28. Re1 Kf8 29. Bf3 f5 30. Bd1 Bxd1 31. Rexd1 Red8 32. Be1 Ke7 33. Rab1 Ra8 34.
Rd2 Ke6 35. Rdd1 Ra4 36. Kg2 Bf6 37. h4 h5 38. Kf1 Rd7 39. f4 Rd6 40. Ke2 Rd7
1/2-1/2

[Event "II. CLANSKA LIGA ZAHOD 2016"]
[Site "Komenda"]
[Date "2016.11.26"]
[Round "7.5"]
[White "Krivec, Metod"]
[Black "Loknar, Damjan"]
[Result "1/2-1/2"]
[WhiteElo "1778"]
[BlackElo "1767"]
[PlyCount "81"]
[EventDate "2016.11.26"]
[WhiteTeam "SD RADOVLJICA"]
[BlackTeam "SK LOSKA DOLINA"]

1. d4 d5 2. c4 dxc4 3. Nc3 e6 4. e4 Bb4 5. Bxc4 Ne7 6. Nf3 O-O 7. O-O Ng6 8.
Qc2 a6 9. a3 Be7 10. Be3 b5 11. Ba2 Bb7 12. Rac1 Nd7 13. Rfd1 c6 14. Qe2 Rc8
15. b4 Nb6 16. Rc2 Qc7 17. e5 Rfd8 18. Ne4 Nd5 19. Bc1 a5 20. bxa5 Qxa5 21. Nc5
Bxc5 22. Rxc5 Ra8 23. Qb2 Nge7 24. Nd2 Nb6 25. Nc4 Qa4 26. Bb3 Nxc4 27. Rxc4
Qa7 28. Rc5 Nf5 29. Qc3 Rd7 30. g4 Ne7 31. Bb2 Rad8 32. Qc1 Nd5 33. Kf1 Qb6 34.
Re1 Ne7 35. Rc2 Rc8 36. f4 Nd5 37. f5 Ba6 38. Kg2 Bb7 39. Kg3 exf5 40. gxf5 Qd8
41. h4 1/2-1/2

[Event "II. CLANSKA LIGA ZAHOD 2016"]
[Site "Komenda"]
[Date "2016.11.26"]
[Round "7.6"]
[White "Bavec, Uros"]
[Black "Pretnar, Bostjan"]
[Result "0-1"]
[WhiteElo "1695"]
[BlackElo "1730"]
[PlyCount "75"]
[EventDate "2016.11.26"]
[WhiteTeam "SK LOSKA DOLINA"]
[BlackTeam "SD RADOVLJICA"]

1. d4 Nf6 2. c4 e5 3. e3 exd4 4. exd4 Bb4+ 5. Bd2 Bxd2+ 6. Nxd2 O-O 7. Ngf3
Re8+ 8. Be2 Qe7 9. h3 Nc6 10. a3 d5 11. c5 Bf5 12. Nb3 a5 13. Nc1 b6 14. cxb6
cxb6 15. O-O Rec8 16. Bb5 Be4 17. Re1 Bxf3 18. gxf3 Qd7 19. Kg2 Qd6 20. Ne2 Nh5
21. Bxc6 Rxc6 22. Rc1 Qg6+ 23. Kh2 Rf6 24. Rg1 Qh6 25. Qc2 Re8 26. Qc8 Rfe6 27.
Qd7 Nf6 28. Qb7 Rxe2 29. Rc8 Qf4+ 30. Kg2 Qxd4 31. Rxe8+ Nxe8 32. Rf1 g6 33.
Qc8 Kg7 34. Qd7 Nf6 35. Qb7 Nh5 36. Qc7 Rxb2 37. Qc1 Nf4+ 38. Kg3 0-1

[Event "II. CLANSKA LIGA ZAHOD 2016"]
[Site "Komenda"]
[Date "2016.11.26"]
[Round "7.1"]
[White "Subelj, Jan"]
[Black "Mlacnik, Franc"]
[Result "1-0"]
[WhiteElo "2182"]
[BlackElo "2019"]
[PlyCount "63"]
[EventDate "2016.11.26"]
[WhiteTeam "SK KOMENDA"]
[BlackTeam "KPSRD KAREL JERAJ LJUBLJANA"]

1. e4 c5 2. Nf3 Nf6 3. e5 Nd5 4. Nc3 Nxc3 5. bxc3 g6 6. d4 Bg7 7. Bd3 O-O 8.
O-O d5 9. Re1 Nc6 10. Bd2 Bg4 11. Bb5 cxd4 12. Bxc6 dxc3 13. Bxb7 Bxf3 14. gxf3
Rb8 15. Bxc3 Rxb7 16. Bd4 Qc7 17. f4 Rc8 18. c3 e6 19. Qf3 Qc4 20. h4 a6 21. h5
Rb2 22. hxg6 hxg6 23. a4 Rcb8 24. Kg2 Rd2 25. Rab1 Rbb2 26. Rxb2 Rxb2 27. a5
Kf8 28. Qe3 Ke8 29. Rh1 Qe2 30. Qxe2 Rxe2 31. Bc5 f6 32. Rh7 1-0